Z pekla ven : žena v domácím násilí / Andrea Buskotte ; [překlad Monika Burger]
Record details
- ISBN: 978-80-251-1786-6
- Physical Description: 176 s. ; 23 cm
- Edition: Vyd. 1.
- Publisher: Brno : Computer Press, 2008
Content descriptions
| General Note: | Přeloženo z němčiny České vyd. upravila a doplnila Lucie Vaníčková Horníková Kontaktní adresy |
| Bibliography, etc. Note: | Obsahuje bibliografické odkazy a rejstřík |
Search for related items by subject
| Subject: | domácí násilí násilí na ženách partnerské vztahy psychologické poradenství krizová intervence family violence women abuse partner relationships psychological counseling crisis intervention |
| Genre: | příručky handbooks and manuals |
Available copies
- 1 of 1 copy available at Common Catalog SPOK.
Holds
- 0 current holds with 1 total copy.
Show Only Available Copies
| Location | Call Number / Copy Notes | Barcode | Shelving Location | Status | Due Date |
|---|---|---|---|---|---|
| Jabok Library | SPr-3.7.5/B | 424480021492 | Odborná literatura | Available | - |
Electronic resources
Version of Resource: Digitalizovaný dokument
| LDR | 02095nam a2200565 a 4500 | ||
|---|---|---|---|
| 001 | 15013 | ||
| 003 | CZ-PrJAB | ||
| 005 | 20200129101608.0 | ||
| 007 | ta | ||
| 008 | 080311s2008 xr e f 001 0 cze | ||
| 015 | . | ‡acnb001795713 | |
| 020 | . | ‡a978-80-251-1786-6 ‡q(brož.) | |
| 035 | . | ‡a(CZ PrNK)nkc20081795713 | |
| 035 | . | ‡a(OCoLC)236559793 | |
| 040 | . | ‡aOLA001 ‡bcze | |
| 041 | 1 | . | ‡acze ‡hger |
| 072 | 7. | ‡a364 ‡xSociální problémy vyžadující podporu a pomoc. Sociální zabezpečení ‡2Konspekt ‡918 | |
| 080 | . | ‡a364.63-027.553 ‡2MRF | |
| 080 | . | ‡a364.63-055.2 ‡2MRF | |
| 080 | . | ‡a316.472.42 ‡2MRF | |
| 080 | . | ‡a364.442.2 ‡2MRF | |
| 080 | . | ‡a364-782-022.258 ‡2MRF | |
| 080 | . | ‡a(035) ‡2MRF | |
| 100 | 1 | . | ‡aBuskotte, Andrea ‡7mzk2008442897 ‡4aut |
| 245 | 1 | 0. | ‡aZ pekla ven : ‡bžena v domácím násilí / ‡cAndrea Buskotte ; [překlad Monika Burger] |
| 246 | 3 | 0. | ‡aŽena v domácím násilí |
| 250 | . | ‡aVyd. 1. | |
| 260 | . | ‡aBrno : ‡bComputer Press, ‡c2008 | |
| 300 | . | ‡a176 s. ; ‡c23 cm | |
| 500 | . | ‡aPřeloženo z němčiny | |
| 500 | . | ‡aČeské vyd. upravila a doplnila Lucie Vaníčková Horníková | |
| 500 | . | ‡aKontaktní adresy | |
| 504 | . | ‡aObsahuje bibliografické odkazy a rejstřík | |
| 650 | 0 | 7. | ‡adomácí násilí ‡7ph137285 ‡2czenas |
| 650 | 0 | 7. | ‡anásilí na ženách ‡7ph137284 ‡2czenas |
| 650 | 0 | 7. | ‡apartnerské vztahy ‡7ph115684 ‡2czenas |
| 650 | 0 | 7. | ‡apsychologické poradenství ‡7ph124805 ‡2czenas |
| 650 | 0 | 7. | ‡akrizová intervence ‡7ph121962 ‡2czenas |
| 650 | 0 | 9. | ‡afamily violence ‡2eczenas |
| 650 | 0 | 9. | ‡awomen abuse ‡2eczenas |
| 650 | 0 | 9. | ‡apartner relationships ‡2eczenas |
| 650 | 0 | 9. | ‡apsychological counseling ‡2eczenas |
| 650 | 0 | 9. | ‡acrisis intervention ‡2eczenas |
| 655 | 7. | ‡apříručky ‡7fd133209 ‡2czenas | |
| 655 | 9. | ‡ahandbooks and manuals ‡2eczenas | |
| 700 | 1 | . | ‡aVaníčková Horníková, Lucie, ‡d1970- ‡7mzk2008442898 ‡4edt |
| 765 | 0 | . | ‡tGewalt in der Partnerschaft ‡9Česky |
| 856 | 4 | 1. | ‡uhttp://krameriusndk.nkp.cz/search/handle/uuid:4245b290-bc11-11e8-bc37-005056827e51 ‡yDigitalizovaný dokument |
| 910 | . | ‡aABG312 | |
| 995 | . | ‡aska | |
| 901 | . | ‡a15013 ‡bCZ-PrJAB ‡c15013 ‡tbiblio | |